| 000 | 01019nam a22001937a 4500 | ||
|---|---|---|---|
| 003 | BD-DhUL | ||
| 005 | 20190523102753.0 | ||
| 008 | 190523s2016 xxup|||| |||| 00| 0 eng d | ||
| 040 |
_aBD-DhUL _cBD-DhUL |
||
| 082 |
_a891.44301 _bISR |
||
| 100 | 0 | _aইসরাত, নাদিয়া | |
| 245 | 0 |
_aরবীন্দ্র-ছোটগল্পে নারীর অবস্থান / _c নাদিয়া ইসরাত |
|
| 260 |
_aঢাকা : _bঢাকা বিশ্ববিদ্যালয়, _c2016. |
||
| 300 |
_a[২],১৭৬ পৃ. : _b চিত্র ; _c৩০ সেমি. |
||
| 500 | _aঅভিসন্দর্ভ : (এম. ফিল) -- বাংলা বিভাগ , ঢাকা বিশ্ববিদ্যালয়, শিক্ষাবর্ষ : ২০১০-২০১১। গ্রন্থপঞ্জি : পৃ. ১৭৫- ১৭৬ । | ||
| 650 | 0 | _aবাংলা ছোটগল্প | |
| 650 | 0 | _aBangali short story | |
| 942 |
_2ddc _cBK |
||
| 999 |
_c248298 _d248298 |
||